Quizzes
Events
Quiz Creation
Community
Videos
Private Events
Remove Ads
Sign In
Join for FREE
Feedback
Dark Mode
Quiz Categories
Sports
Geography
Music
Movies
Television
Just For Fun
Miscellaneous
History
Literature
Language
Science
Gaming
Entertainment
Religion
Holiday
For Kids
Quiz Lab
Recent
Popular Today
Quiz Kudos Today
Editor Picks
Curator Picks
Quizzes by...
Day
Popularity
Type
Ratings
Length
Year
Community
Subscriptions
Recent Discussions
Orange Saloon
Badges
Playlists
Quests
Create
Leaderboards
Showdown
Live 5
Trivia Bingo
Activity
Puzzle Library
Sporcle Events
Private Events
Virtual Trivia
Globe League
Become a Host
Pub Owners
SporcleCon
Opinionation
Our Games
Videos
Blog
Mobile Apps
Partnerships
Remove Ads and Go Orange
Feedback
Science
Computer
Plants
Astronomy
Chemistry
Elements
Math
Animal
Physics
Anatomy
Biology
Geology
General Science
Science
Computer
Plants
Astronomy
Chemistry
Elements
Math
Animal
Physics
Anatomy
Biology
Geology
General Science
Random Quiz
Search Sporcle
×
Quiz Lab
Quiz Lab
Science
triple
Type in answers that appear in a list
Type in answers that appear in a list
Classic
Best Score? Go Orange.
Physics paper 1 equations Stats
Can you name the Physics paper 1 equations for GCSE Triple?
By
rosiebw
10m
16 Questions
180 Plays
180 Plays
180 Plays
Comments
Comments
Give Quiz Kudos
Give Quiz Kudos
-
- Ratings
hide this ad
Random Order
Randomize order of answers
Randomize order of answers
Replay
Link that replays current quiz
Next Quiz
Link to next quiz in quiz playlist
You Got
0%
They Got
Avg Score
25%
Avg Friend Score
Upgrade to see
Score Distribution
Jump to the score distribution portion of the page
Score
0/16
Timer
10:00
0
Plays Today
Hint
Answer
% Correct
Density
mass|volume
80%
Charge flow
current x time
53.3%
Potential difference
current x resistance
48.3%
Work done
force x distance
43.3%
Gravitational potential energy
mass x gravitational field strength x height
40%
Energy
power x time
38.3%
Power (division is |
)
work done|time
32.8%
Efficiency-
power
useful power output|total power input
22.8%
Hint
Answer
% Correct
Efficiency-
energy
useful output energy|total input energy
16.1%
Power
(current squared) x resistance
15.6%
Energy transferred
charge flow x potential difference
12.8%
Kinetic energy (for squared put both words in brackets
1
5%
1.1%
1.1%
1.1%
1.1%
Quiz Playlist
Details
Report
Send in Message
Add To Playlist
Classic:
Type in answers that appear in a list
Random Order:
Randomize order of answers
Last Updated: Jan 28, 2018
Quiz Scoreboard
CHALLENGE
Sign Up to Join the Scoreboard
Show All
Scores
Hide
Comments
May contain spoilers
Recently Published
Popular People in 1961
by mucciniale
History
6m
1-10 Letter E Words III
by El_Dandy
Language
2m
One Thing in Common: World Cities II
by knightlancer
Geography
7m
More to Explore
Quiz From the Vault
Featured Blog Post
Where Did the Easter Bunny Come From?
hide this ad
You Might Also Like...
Tags
Equation
gcse
Paper
triple
Today's Top Quizzes in Science
Browse Science
hide this ad
Today's Top Quizzes in triple
Browse triple
Top Contributed Quizzes in Science
1
Quick Pick: Radians
2
One Thing in Common: Science III
3
One Thing in Common: Science
4
Sporcle Puzzle Hunt: Science
5
One Thing in Common: Science II
6
Quick Pick: 'CI-CJ' Animals
7
Click the Parts of an Plant Cell
8
Elements In Images
9
Multiplication table 1-10
10
Square Numbers Scrambled (1-50)
Explore More
Trending Topics
Harry Potter
Anime
Crossword
Kpop
Disney
NBA
Marvel
Soccer
Puzzle
Song
The Office
WWE
Country
Pokémon
NFL
hide this ad
More By:
rosiebw
Quiz
Plays
Rating
Category
Featured
Created
Physics paper 1 equations
180
Science
Jan 28, 2018
Physics paper 2 equations
108
Science
Jan 28, 2018
Go to Creator's Profile
Score Distribution
Quiz Creator Spotlight
rosiebw
Follow
Send a Message
Quizzes Created
-
Created Quiz Play Count
-
More By This Creator
Popular Quizzes Today
1
Find the US States - No Outlines Minefield
2
The Countries of the World
3
Popular People in 1961
4
Find the Countries of Europe - No Outlines Minefield
5
1-10 Letter E Words III
6
Find the US States
7
One Thing in Common: World Cities II
8
US States
More Science Quizzes
Human Skull: Facial and Cranial Bones
Curator's Pick
Trending Quizzes
1-10 Letter F Words
One Thing in Common: Music
1-10 Letter G Words
Risky Map Clicking: Next State Alphabetically
1-10 Letter F Words II
Recently Updated
Leaping Animals
pecheneg
Reality TV Shows (A-Z)
bhenderson79
Rickey Henderson's Hall of Fame Teammates
pecheneg
Champions League XIs: Arsenal
pecheneg
Quick Pick: Celebrities in WWE's Hall of Fame
aduchscher
A-Z Keypad Blitz II
pecheneg
Multiple Oscar Actors
pecheneg
Mystery Phrase Blitz: Oscar 'Best Actors'
pecheneg
F. Scott Fitzgerald Novels
LTH
Pick 3 Villains
ddd62291
Trending Topics
Marvel
Anime
Kpop
Disney
Harry Potter
Crossword
NBA
The Office
NFL
Country
Pokémon
Puzzle
Soccer
Song
WWE
Your Account Isn't Verified!
In order to create a playlist on Sporcle, you need to verify the email address you used during registration. Go to your
Sporcle Settings
to finish the process.
Report this User
Report this user for behavior that violates our
Community Guidelines
.
Details:
Send Report
Go to the Sporcle.com Mobile Site →
Comments